| 000 | 00702pam a2200217 a 4500 | ||
|---|---|---|---|
| 020 | _a0702218812 | ||
| 040 | _cDLC | ||
| 082 | 0 | 0 | _a584 PUB 1983 A061 Or. |
| 100 | 1 | _aTothill, J. C. | |
| 245 | 1 | 4 | _aThe grasses of southern Queensland / |
| 260 |
_aSt. Lucia ; _aNew York : _bPublished for the Tropical Grassland Society of Australia by the University of Queensland Press, _cc1983. |
||
| 300 |
_ax, 475 p. : _bill. ; _c26 cm. |
||
| 500 | _aRev. ed. of: The grasses of southeast Queensland. 1973. | ||
| 500 | _aIncludes index. | ||
| 650 | 0 | _aGrasses | |
| 650 | 0 | _aBotany | |
| 700 | 1 | _aHacker, J. B. | |
| 700 | 1 | _aTothill, J. C. | |
| 710 | 2 | _aTropical Grassland Society of Australia. | |
| 942 | _cEK | ||
| 999 |
_c14853 _d14853 |
||